| 000 | 00760nam a22002537a 4500 | ||
|---|---|---|---|
| 001 | 4913 | ||
| 003 | FISKH | ||
| 005 | 20241024143246.0 | ||
| 008 | 241024b cb ||||| |||| 00| 0 eng d | ||
| 020 | _a9781615904891 | ||
| 040 |
_aFISKH _beng _cFISKH _dFISKH |
||
| 050 | _aSF453.2 | ||
| 082 | _a636.932 | ||
| 100 |
_aArmentrout, David _d(1962-) |
||
| 245 |
_aRaising rabbits / _cDavid and Patricia Armentrout |
||
| 250 | _a2011 | ||
| 260 |
_aNorth Mankato : _bRourkepublishing, _c2011. |
||
| 300 |
_a24 pages : _bColor illustrations ; _c21 cm |
||
| 520 | _aThe perfect introduction to being a pet owner for the child ready to get a bunny. | ||
| 650 |
_2Pets _aRabbits |
||
| 650 |
_2Life Science Animals _aNon-fiction |
||
| 942 |
_2ddc _cBK _n0 |
||
| 999 |
_c4913 _d4913 |
||